|
|
|
|
| LEADER |
05463nam a22005535i 4500 |
| 001 |
978-3-642-16561-0 |
| 003 |
DE-He213 |
| 005 |
20151204144850.0 |
| 007 |
cr nn 008mamaa |
| 008 |
101102s2010 gw | s |||| 0|eng d |
| 020 |
|
|
|a 9783642165610
|9 978-3-642-16561-0
|
| 024 |
7 |
|
|a 10.1007/978-3-642-16561-0
|2 doi
|
| 040 |
|
|
|d GrThAP
|
| 050 |
|
4 |
|a TK5105.5-5105.9
|
| 072 |
|
7 |
|a UKN
|2 bicssc
|
| 072 |
|
7 |
|a COM075000
|2 bisacsh
|
| 082 |
0 |
4 |
|a 004.6
|2 23
|
| 245 |
1 |
0 |
|a Leveraging Applications of Formal Methods, Verification, and Validation
|h [electronic resource] :
|b 4th International Symposium on Leveraging Applications, ISoLA 2010, Heraklion, Crete, Greece, October 18-21, 2010, Proceedings, Part II /
|c edited by Tiziana Margaria, Bernhard Steffen.
|
| 264 |
|
1 |
|a Berlin, Heidelberg :
|b Springer Berlin Heidelberg,
|c 2010.
|
| 300 |
|
|
|a XV, 498 p. 157 illus.
|b online resource.
|
| 336 |
|
|
|a text
|b txt
|2 rdacontent
|
| 337 |
|
|
|a computer
|b c
|2 rdamedia
|
| 338 |
|
|
|a online resource
|b cr
|2 rdacarrier
|
| 347 |
|
|
|a text file
|b PDF
|2 rda
|
| 490 |
1 |
|
|a Lecture Notes in Computer Science,
|x 0302-9743 ;
|v 6416
|
| 505 |
0 |
|
|a EternalS: Mission and Roadmap -- to the EternalS Track: Trustworthy Eternal Systems via Evolving Software, Data and Knowledge -- HATS: Highly Adaptable and Trustworthy Software Using Formal Methods -- SecureChange: Security Engineering for Lifelong Evolvable Systems -- 3DLife: Bringing the Media Internet to Life -- LivingKnowledge: Kernel Methods for Relational Learning and Semantic Modeling -- Task Forces in the EternalS Coordination Action -- Modeling and Analyzing Diversity -- Modeling and Managing System Evolution -- Self-adaptation and Evolution by Learning -- Overview of Roadmapping by EternalS -- Formal Methods in Model-Driven Development for Service-Oriented and Cloud Computing -- Adaptive Composition of Conversational Services through Graph Planning Encoding -- Performance Prediction of Service-Oriented Systems with Layered Queueing Networks -- Error Handling: From Theory to Practice -- Modeling and Reasoning about Service Behaviors and Their Compositions -- Design and Verification of Systems with Exogenous Coordination Using Vereofy -- A Case Study in Model-Based Adaptation of Web Services -- Quantitative Verification in Practice -- Quantitative Verification in Practice -- Ten Years of Performance Evaluation for Concurrent Systems Using CADP -- Towards Dynamic Adaptation of Probabilistic Systems -- UPPAAL in Practice: Quantitative Verification of a RapidIO Network -- Schedulability Analysis Using Uppaal: Herschel-Planck Case Study -- Model-Checking Temporal Properties of Real-Time HTL Programs -- CONNECT: Status and Plans -- Towards an Architecture for Runtime Interoperability -- On Handling Data in Automata Learning -- A Theory of Mediators for Eternal Connectors -- On-the-Fly Interoperability through Automated Mediator Synthesis and Monitoring -- Dependability Analysis and Verification for Connected Systems -- Towards a Connector Algebra -- Certification of Software-Driven Medical Devices -- Certification of Software-Driven Medical Devices -- Arguing for Software Quality in an IEC 62304 Compliant Development Process -- Trustable Formal Specification for Software Certification -- Design Choices for High-Confidence Distributed Real-Time Software -- Assurance Cases in Model-Driven Development of the Pacemaker Software -- Modeling and Formalizing Industrial Software for Verification, Validation and Certification -- Improving Portability of Linux Applications by Early Detection of Interoperability Issues -- Specification Based Conformance Testing for Email Protocols -- Covering Arrays Generation Methods Survey -- Resource and Timing Analysis -- A Scalable Approach for the Description of Dependencies in Hard Real-Time Systems -- Verification of Printer Datapaths Using Timed Automata -- Resource Analysis of Automotive/Infotainment Systems Based on Domain-Specific Models – A Real-World Example -- Source-Level Support for Timing Analysis -- Practical Experiences of Applying Source-Level WCET Flow Analysis on Industrial Code -- Worst-Case Analysis of Heap Allocations -- Partial Flow Analysis with oRange -- Towards an Evaluation Infrastructure for Automotive Multicore Real-Time Operating Systems -- Context-Sensitivity in IPET for Measurement-Based Timing Analysis -- On the Role of Non-functional Properties in Compiler Verification.
|
| 650 |
|
0 |
|a Computer science.
|
| 650 |
|
0 |
|a Computer communication systems.
|
| 650 |
|
0 |
|a Software engineering.
|
| 650 |
|
0 |
|a Programming languages (Electronic computers).
|
| 650 |
|
0 |
|a Computer logic.
|
| 650 |
|
0 |
|a Data mining.
|
| 650 |
1 |
4 |
|a Computer Science.
|
| 650 |
2 |
4 |
|a Computer Communication Networks.
|
| 650 |
2 |
4 |
|a Logics and Meanings of Programs.
|
| 650 |
2 |
4 |
|a Software Engineering.
|
| 650 |
2 |
4 |
|a Programming Languages, Compilers, Interpreters.
|
| 650 |
2 |
4 |
|a Information Systems Applications (incl. Internet).
|
| 650 |
2 |
4 |
|a Data Mining and Knowledge Discovery.
|
| 700 |
1 |
|
|a Margaria, Tiziana.
|e editor.
|
| 700 |
1 |
|
|a Steffen, Bernhard.
|e editor.
|
| 710 |
2 |
|
|a SpringerLink (Online service)
|
| 773 |
0 |
|
|t Springer eBooks
|
| 776 |
0 |
8 |
|i Printed edition:
|z 9783642165603
|
| 830 |
|
0 |
|a Lecture Notes in Computer Science,
|x 0302-9743 ;
|v 6416
|
| 856 |
4 |
0 |
|u http://dx.doi.org/10.1007/978-3-642-16561-0
|z Full Text via HEAL-Link
|
| 912 |
|
|
|a ZDB-2-SCS
|
| 912 |
|
|
|a ZDB-2-LNC
|
| 950 |
|
|
|a Computer Science (Springer-11645)
|